[Event "HUN-chT2 Asztalos 1415"]
[Site "Hungary"]
[Date "2014.10.12"]
[Round "1"]
[White "Nogradi, Gabor"]
[Black "Hoflinger, Istvan"]
[Result "1-0"]
[WhiteElo "2015"]
[BlackElo "1835"]
[PlyCount "61"]
[EventDate "2014.10.12"]
[EventType "team-tourn"]
[EventRounds "9"]
[EventCountry "HUN"]
[SourceTitle "EXT 2016"]
[Source "ChessBase"]
[SourceDate "2015.10.08"]
[SourceVersion "1"]
[SourceVersionDate "2015.10.08"]
[SourceQuality "1"]
[WhiteTeam "Pecs Karmin"]
[BlackTeam "Dunaujvaros"]
[WhiteTeamCountry "HUN"]
[BlackTeamCountry "HUN"]

1. Nf3 g6 2. g3 Bg7 3. Bg2 d6 4. d4 Nd7 5. 0-0 e5 6. c4 Nh6 7. Nc3 0-0 8. d5 Nb6 9. Qb3 a5 10. a4 f5 11. Bg5 Qe8 12. Be3 Nd7 13. Nb5 Qd8 14. Qc2 b6 15. Bg5 Nf6 16. Rae1 Nf7 17. Bc1 e4 18. Nfd4 Bd7 19. Bd2 Qc8 20. Ne6 Bxe6 21. dxe6 Ne5 22. f3 c6 23. e7 Re8 24. Nxd6 Qc7 25. Nxe8 Rxe8 26. Bg5 exf3 27. exf3 Qxe7 28. c5 Qxc5+ 29. Qxc5 bxc5 30. Bxf6 Bxf6 31. f4 1-0

[Event "HUN-chT2 Asztalos 1112"]
[Site "Hungary"]
[Date "2012.04.22"]
[Round "9.6"]
[White "Hoflinger, Istvan"]
[Black "Mitric, Milutin"]
[Result "0-1"]
[WhiteElo "1924"]
[BlackElo "1956"]
[PlyCount "102"]
[EventDate "2011.09.25"]
[EventType "team-tourn"]
[EventRounds "11"]
[EventCountry "HUN"]
[SourceTitle "EXT 2013"]
[Source "ChessBase"]
[SourceDate "2012.11.22"]
[SourceVersion "1"]
[SourceVersionDate "2012.11.22"]
[SourceQuality "1"]
[WhiteTeam "Dunaujvaros"]
[BlackTeam "Mohacs"]
[WhiteTeamCountry "HUN"]
[BlackTeamCountry "HUN"]

1. d4 Nf6 2. c4 g6 3. Nc3 Bg7 4. e4 d6 5. Bg5 c5 6. d5 h6 7. Be3 Ng4 8. Qd2 Nxe3 9. Qxe3 Qa5 10. Qd2 Nd7 11. f4 Nf6 12. h3 0-0 13. Bd3 a6 14. Nge2 Bd7 15. 0-0 b5 16. a3 bxc4 17. Bxc4 Bb5 18. Qd3 Bxc4 19. Qxc4 Rab8 20. Rfb1 Rfc8 21. b3 Nxe4 22. Nxe4 Bxa1 23. Rxa1 Rb5 24. N4c3 Rbb8 25. Kh2 Rc7 26. Ra2 Rcb7 27. Nc1 Kh7 28. N3e2 h5 29. Qd3 f6 30. h4 Qe1 31. Qg3 Qf1 32. Qd3 Qe1 33. Qg3 Qf1 34. Qe3 Qe1 35. g3 a5 36. a4 f5 37. Kg2 Kh6 38. Qd2 Qxd2 39. Rxd2 Rb4 40. Nc3 Kg7 41. Re2 Kf7 42. Kf2 c4 43. bxc4 Rxc4 44. Re3 Rb2+ 45. Kf3 Rc2 46. N1e2 Rd2 47. Kf2 Rb4 48. Re6 Rb3 49. Ke1 Rd3 50. Nb5 Rxd5 51. Nbd4 Rd3 0-1

[Event "Dunaujvaros op"]
[Site "Dunaujvaros"]
[Date "2011.03.15"]
[Round "7"]
[White "Haszon, Kamilla Sara"]
[Black "Hoflinger, Istvan"]
[Result "0-1"]
[WhiteElo "1779"]
[BlackElo "1957"]
[PlyCount "102"]
[EventDate "2011.03.12"]
[EventType "swiss"]
[EventRounds "7"]
[EventCountry "HUN"]
[SourceTitle "CBM 141 Extra"]
[Source "ChessBase"]
[SourceDate "2011.05.03"]
[SourceVersion "1"]
[SourceVersionDate "2011.05.03"]
[SourceQuality "1"]

1. e4 c5 2. Nf3 d6 3. d4 cxd4 4. Nxd4 Nf6 5. Nc3 g6 6. f3 Bg7 7. Be3 0-0 8. Qd2 Nc6 9. 0-0-0 d5 10. Kb1 Nxd4 11. e5 Nf5 12. exf6 Bxf6 13. Nxd5 Qxd5 14. Qxd5 Nxe3 15. Qd2 Nxd1 16. Qxd1 Be6 17. Bb5 Rfd8 18. Qe2 Rd4 19. g4 Rad8 20. Bd3 b5 21. h4 b4 22. g5 Bg7 23. h5 R8d6 24. hxg6 hxg6 25. Rc1 a5 26. Bb5 R6d5 27. Ba4 Rxg5 28. Bb3 Bxb3 29. axb3 Re5 30. Qh2 Bf6 31. f4 Red5 32. Qh1 e6 33. Rf1 Rd2 34. Qf3 R2d4 35. Rh1 Bg7 36. Ka2 Rd2 37. Kb1 Bf6 38. Rg1 Kg7 39. Rh1 R2d4 40. Ka2 Rc5 41. Rh2 Rf5 42. Qa8 Rd8 43. Qf3 e5 44. Qh3 Rh5 45. Qg3 exf4 46. Qxf4 Be5 47. Qe3 Bxh2 48. Qb6 Rc8 49. Qd4+ Be5 50. Qe4 Bf6 51. Qd3 Rh2 0-1

[Event "HUN-chT2 Asztalos 0910"]
[Site "Hungary"]
[Date "2010.03.21"]
[Round "8"]
[White "Vince, Viola"]
[Black "Hoflinger, Istvan"]
[Result "1-0"]
[WhiteElo "1981"]
[BlackElo "2036"]
[PlyCount "59"]
[EventDate "2009.11.08"]
[EventType "team-tourn"]
[EventRounds "11"]
[EventCountry "HUN"]
[SourceTitle "EXT 2011"]
[Source "ChessBase"]
[SourceDate "2010.11.26"]
[SourceVersion "1"]
[SourceVersionDate "2010.11.26"]
[SourceQuality "1"]
[WhiteTeam "Decs II"]
[BlackTeam "Dunaujvaros"]
[WhiteTeamCountry "HUN"]
[BlackTeamCountry "HUN"]

1. d4 Nf6 2. c4 Nc6 3. Nf3 e6 4. a3 a5 5. Nc3 d5 6. cxd5 Nxd5 7. e4 Nxc3 8. bxc3 Be7 9. Bb5 0-0 10. a4 Na7 11. Bd3 c5 12. 0-0 g6 13. Bh6 Re8 14. Qd2 Nc6 15. Bb5 cxd4 16. cxd4 Bd7 17. Rfd1 Bf6 18. e5 Be7 19. Qf4 Bf8 20. Ng5 Qe7 21. Ne4 Bg7 22. Bg5 Qf8 23. Rd3 h6 24. Bf6 g5 25. Qg4 Nb8 26. Nxg5 hxg5 27. Qxg5 Bxb5 28. axb5 Nd7 29. Rg3 Kh7 30. Bxg7 1-0

[Event "HUN-chT2 Asztalos 0809"]
[Site "Hungary"]
[Date "2009.02.08"]
[Round "7"]
[White "Bocska, Janos"]
[Black "Hoflinger, Istvan"]
[Result "1-0"]
[WhiteElo "2119"]
[BlackElo "2036"]
[PlyCount "99"]
[EventDate "2008.10.26"]
[EventType "team-tourn"]
[EventRounds "11"]
[EventCountry "HUN"]
[SourceTitle "EXT 2010"]
[Source "ChessBase"]
[SourceDate "2010.11.25"]
[SourceVersion "1"]
[SourceVersionDate "2010.11.25"]
[SourceQuality "1"]
[WhiteTeam "Nagyatad"]
[BlackTeam "Dunaujvaros"]
[WhiteTeamCountry "HUN"]
[BlackTeamCountry "HUN"]

1. e4 c5 2. Nf3 d6 3. d4 cxd4 4. Nxd4 Nf6 5. Nc3 g6 6. Be3 Bg7 7. f3 0-0 8. Qd2 Nc6 9. Nxc6 bxc6 10. Bh6 Qa5 11. Bxg7 Kxg7 12. h4 h5 13. Bd3 Rb8 14. b3 d5 15. e5 Nd7 16. f4 f6 17. e6 Nc5 18. f5 Nxd3+ 19. Qxd3 Ba6 20. Qg3 Kh8 21. Rh3 Rg8 22. Qf4 Kh7 23. fxg6+ Kg7 24. Qa4 Qxa4 25. Nxa4 Rb4 26. Nc5 Bc8 27. c3 Rg4 28. Kf2 Kxg6 29. g3 f5 30. Re1 Kf6 31. Kf3 f4 32. gxf4 Rd8 33. Re5 Rh8 34. Rxh5 Rxf4+ 35. Kxf4 Rxh5 36. Kg4 Re5 37. h5 Kg7 38. Kf4 Re2 39. h6+ Kh7 40. Nd7 Rg2 41. Nf8+ Kh8 42. h7 Rf2+ 43. Rf3 Rh2 44. a4 Re2 45. Kf5 Rg2 46. Ng6+ Kxh7 47. Nxe7 Bb7 48. Kf6 Rh2 49. Rg3 Rh6+ 50. Kf7 1-0